000 00661nam a2200217Ii 4500
003 JO-AjNU
008 230605s9999||||xx |||||||||||||| ||und||
017 _a2002/10342
020 _a977-287-250-1
040 _aJO-AjNU
_bara
_erda
_cJO-AjNU
041 _aara
050 1 4 _aTP983.U43 2002
100 3 _aعمر، محمد اسماعيل ,
_eauthor
_916225
245 0 0 _aاسرار صناعة العطور
264 3 1 _aالقاهرة:دار الكتب العلمية، 2001
300 _a288ص
336 _atext
_btxt
_2rdacontent
337 _aunmediated
_bn
_2rdamedia
338 _avolume
_bnc
_2rdacarrier
650 4 _aالعطور -صناعة
_916226
999 _aA4761
_c8329
_d8329